000 00212 a2200097 4500
001 36629
100 _aMcCormack M.H
245 _aSuccess secrets
260 _aBritain
_bFontana/Couins
_c
090 _c23679
_d23679
942 _aNUST-CAE
_cM
_c15201
999 _c271702
_d271702